Tom Henderson Wells research notes, (Record no. 39202)
[ view plain ]
| 000 -LEADER | |
|---|---|
| fixed length control field | 01210cpcaa2200325 4500 |
| 001 - CONTROL NUMBER | |
| control field | mm 70053116 |
| 003 - CONTROL NUMBER IDENTIFIER | |
| control field | DLC |
| 005 - DATE AND TIME OF LATEST TRANSACTION | |
| control field | 20260227111614.0 |
| 008 - FIXED-LENGTH DATA ELEMENTS--GENERAL INFORMATION | |
| fixed length control field | 730205|||||||||||| eng |
| 010 ## - LIBRARY OF CONGRESS CONTROL NUMBER | |
| LC control number | mm 70053116 |
| NUCMC control number | ms 71001428 |
| 040 ## - CATALOGING SOURCE | |
| Original cataloging agency | DLC |
| Transcribing agency | DLC |
| Description conventions | dacs |
| Modifying agency | DLC |
| 072 #7 - SUBJECT CATEGORY CODE | |
| Subject category code | R |
| Source | lcmd |
| 100 1# - MAIN ENTRY--PERSONAL NAME | |
| Personal name | Wells, Tom Henderson, |
| Dates associated with a name | 1917-1971. |
| 245 00 - TITLE STATEMENT | |
| Title | Tom Henderson Wells research notes, |
| Inclusive dates | undated. |
| 300 ## - PHYSICAL DESCRIPTION | |
| Extent | 1,500 |
| Type of unit | items. |
| 300 ## - PHYSICAL DESCRIPTION | |
| Extent | 3 |
| Type of unit | containers. |
| 300 ## - PHYSICAL DESCRIPTION | |
| Extent | 1.0 |
| Type of unit | linear feet. |
| 506 0# - RESTRICTIONS ON ACCESS NOTE | |
| Terms governing access | Open to research. |
| 520 8# - SUMMARY, ETC. | |
| Summary, etc. | Carbon copies of research notes for Wells's book, Commodore Moore and the Texas Navy (1960); together with an index to the notes. |
| 545 0# - BIOGRAPHICAL OR HISTORICAL DATA | |
| Biographical or historical data | Naval officer and author. |
| 546 ## - LANGUAGE NOTE | |
| Language note | Collection material in English. |
| 580 ## - LINKING ENTRY COMPLEXITY NOTE | |
| Linking entry complexity note | Forms part of: Naval Historical Foundation collection. |
| 600 10 - SUBJECT ADDED ENTRY--PERSONAL NAME | |
| Personal name | Moore, Edwin Ward, |
| Dates associated with a name | 1811-1865. |
| 610 10 - SUBJECT ADDED ENTRY--CORPORATE NAME | |
| Corporate name or jurisdiction name as entry element | Texas. |
| Subordinate unit | Navy. |
| 656 #7 - INDEX TERM--OCCUPATION | |
| Occupation | Authors. |
| Source of term | itoamc |
| 656 #7 - INDEX TERM--OCCUPATION | |
| Occupation | Naval officers. |
| Source of term | itoamc |
No items available.